Jüdisches Leben in Deutschland
Im Dezember 321 teilte der römische Kaiser Konstantin den Kölner Ratsherren mit, dass es fortan gesetzlich möglich sei, auch jüdische Bürger in den Rat zu berufen. Sein Brief gilt als die älteste schriftliche Quelle, die jüdisches Leben auf dem Gebiet des heutigen Deutschlands belegt. Er ist somit d...
| Contributors: | ; ; ; ; ; ; ; |
|---|---|
| Format: | Electronic Book |
| Language: | German |
| Check availability: | HBZ Gateway |
| WorldCat: | WorldCat |
| Interlibrary Loan: | Interlibrary Loan for the Fachinformationsdienste (Specialized Information Services in Germany) |
| Published: |
Bonn
Bundeszentrale für politische Bildung
2022
|
| In: |
Schriftenreihe der Bundeszentrale für Politische Bildung (Band 10799)
Year: 2022 |
| Volumes / Articles: | Show volumes/articles. |
| Series/Journal: | Schriftenreihe der Bundeszentrale für politische Bildung
Band 10799 |
| Standardized Subjects / Keyword chains: | B
Deutschland (boat, 1866-1875)
/ History
/ Judaism
/ Jews
|
| Further subjects: | B
Jews (Germany)
History
|
| Online Access: |
Volltext (kostenfrei) |
| Rights Information: | CC BY-ND 4.0 |
MARC
| LEADER | 00000cam a2200000 c 4500 | ||
|---|---|---|---|
| 001 | 1805186221 | ||
| 003 | DE-627 | ||
| 005 | 20250612223448.0 | ||
| 007 | cr uuu---uuuuu | ||
| 008 | 220530s2022 gw |||||o 00| ||ger c | ||
| 035 | |a (DE-627)1805186221 | ||
| 035 | |a (DE-599)KXP1805186221 | ||
| 035 | |a (OCoLC)1322015252 | ||
| 040 | |a DE-627 |b ger |c DE-627 |e rda | ||
| 041 | |a ger | ||
| 044 | |c XA-DE-NW | ||
| 050 | 0 | |a MLCS 2025/42931 (D) | |
| 084 | |a 0 |2 ssgn | ||
| 084 | |a BD 7155 |q SEPA |2 rvk |0 (DE-625)rvk/10255: | ||
| 084 | |a NY 4620 |q SEPA |2 rvk |0 (DE-625)rvk/132348: | ||
| 084 | |a MS 3400 |q SEPA |2 rvk |0 (DE-625)rvk/123680: | ||
| 084 | |a 15.96 |2 bkl | ||
| 084 | |a 11.05 |2 bkl | ||
| 245 | 0 | 0 | |a Jüdisches Leben in Deutschland |c Redaktion APuZ: Anne-Sophie Friedel, Julia Günther, Sascha Kneip, Johannes Piepenbrink (verantwortlich für diese Edition), Anne Seibring, Robin Siebert ; Mitarbeit an dieser Edition: Christoph Rasemann, Florian Zabransky |
| 264 | 1 | |a Bonn |b Bundeszentrale für politische Bildung |c 2022 | |
| 300 | |a 1 Online-Ressource (288 Seiten) |b Illustrationen, Diagramm | ||
| 336 | |a Text |b txt |2 rdacontent | ||
| 337 | |a Computermedien |b c |2 rdamedia | ||
| 338 | |a Online-Ressource |b cr |2 rdacarrier | ||
| 490 | 1 | |a Schriftenreihe der Bundeszentrale für politische Bildung |v Band 10799 | |
| 520 | |a Im Dezember 321 teilte der römische Kaiser Konstantin den Kölner Ratsherren mit, dass es fortan gesetzlich möglich sei, auch jüdische Bürger in den Rat zu berufen. Sein Brief gilt als die älteste schriftliche Quelle, die jüdisches Leben auf dem Gebiet des heutigen Deutschlands belegt. Er ist somit die Grundlage dafür, dass 2021 das Festjahr „1700 Jahre jüdisches Leben in Deutschland“ begangen wurde. In den 24 Beiträgen dieses Buches, die zum überwiegenden Teil auf einen Call for Papers für „Aus Politik und Zeitgeschichte“ zurückgehen, spiegelt sich ein kleines Stück der Vielfalt des jüdischen Lebens in Deutschland wider – von den frühen Anfängen bis in die Gegenwart. Sie zeigen, dass gelebtes Judentum wesentlich mehr ist als Religion, und dass es innerhalb der jüdischen Community in Deutschland eine große Bandbreite unterschiedlichster und sich wandelnder Identitäten gibt. | ||
| 540 | |q DE-7 |a Namensnennung - Keine Bearbeitungen 4.0 International |f CC BY-ND 4.0 |2 cc |u https://creativecommons.org/licenses/by-nd/4.0/ | ||
| 650 | 0 | |a Jews |z Germany |x History |2 DLC | |
| 689 | 0 | 0 | |d g |0 (DE-588)4011882-4 |0 (DE-627)104704861 |0 (DE-576)208896155 |2 gnd |a Deutschland |
| 689 | 0 | 1 | |q z |2 gnd |a Geschichte |
| 689 | 0 | 2 | |d s |0 (DE-588)4114087-4 |0 (DE-627)104603151 |0 (DE-576)20948182X |2 gnd |a Judentum |
| 689 | 0 | 3 | |d s |0 (DE-588)4028808-0 |0 (DE-627)10430670X |0 (DE-576)208979565 |2 gnd |a Juden |
| 689 | 0 | |5 (DE-627) | |
| 700 | 1 | |e HerausgeberIn |0 (DE-588)1258553139 |0 (DE-627)1804449423 |4 edt |a Piepenbrink, Johannes | |
| 700 | 1 | |e HerausgeberIn |0 (DE-588)105173150X |0 (DE-627)786653116 |0 (DE-576)407305343 |4 edt |a Friedel, Anne-Sophie | |
| 700 | 1 | |8 1\p |e HerausgeberIn |0 (DE-588)1176068202 |0 (DE-627)1047231956 |0 (DE-576)516525638 |4 edt |a Günther, Julia | |
| 700 | 1 | |e HerausgeberIn |0 (DE-588)1028812566 |0 (DE-627)731632524 |0 (DE-576)376266309 |4 edt |a Kneip, Sascha |d 1972- | |
| 700 | 1 | |8 2\p |e HerausgeberIn |0 (DE-588)1189949911 |0 (DE-627)1668705168 |4 edt |a Seibring, Anne | |
| 700 | 1 | |a Siebert, Robin |e HerausgeberIn |4 edt | |
| 700 | 1 | |a Rasemann, Christoph |e MitwirkendeR |4 ctb | |
| 700 | 1 | |8 3\p |e MitwirkendeR |0 (DE-588)1332052401 |0 (DE-627)1890888834 |4 ctb |a Zabransky, Florian | |
| 776 | 1 | |z 9783742507990 | |
| 810 | 2 | |a Bundeszentrale für Politische Bildung |t Schriftenreihe der Bundeszentrale für Politische Bildung |v Band 10799 |9 10799 |w (DE-627)574590137 |w (DE-576)9574590135 |w (DE-600)2450961-9 |7 am | |
| 856 | 4 | 0 | |u https://www.bpb.de/system/files/dokument_pdf/APuZ-Edition_JLiD_ba_0.pdf |q application/pdf |x Verlag |z kostenfrei |7 0 |
| 883 | |8 1\p |a cgwrk |d 20241001 |q DE-101 |u https://d-nb.info/provenance/plan#cgwrk | ||
| 883 | |8 2\p |a cgwrk |d 20241001 |q DE-101 |u https://d-nb.info/provenance/plan#cgwrk | ||
| 883 | |8 3\p |a cgwrk |d 20250604 |q DE-101 |u https://d-nb.info/provenance/plan#cgwrk | ||
| 936 | r | v | |a BD 7155 |b 21. Jahrhundert |k Theologie und Religionswissenschaften |k Judaistik |k Religions- und Kulturgeschichte der Juden |k 20. und 21. Jahrhundert (seit ca. 1930) |k 21. Jahrhundert |0 (DE-627)1390666816 |0 (DE-625)rvk/10255: |0 (DE-576)320666816 |
| 936 | r | v | |a NY 4620 |b Allgemeines |k Geschichte |k Geschichte der Juden |k Geschichte der Juden nach Zeitabschnitten und Ländern |k Juden in Deutschland und Österreich |k Deutschland |k Allgemeines |0 (DE-627)1270708376 |0 (DE-625)rvk/132348: |0 (DE-576)200708376 |
| 936 | r | v | |a MS 3400 |b Juden; Antisemitismus |k Soziologie |k Spezielle Soziologien |k Soziologie der Minoritäten und Randgruppen |k Juden; Antisemitismus |0 (DE-627)1271441039 |0 (DE-625)rvk/123680: |0 (DE-576)201441039 |
| 936 | b | k | |a 15.96 |j Geschichte des jüdischen Volkes außerhalb des Staates Israel |q SEPA |0 (DE-627)106404660 |
| 936 | b | k | |a 11.05 |j Religionssoziologie |q SEPA |0 (DE-627)106404202 |
| 951 | |a BO | ||
| ACO | |a 1 | ||
| ELC | |a 1 | ||
| OAS | |a 1 | ||
| ORI | |a SA-MARC-ixtheob001.raw | ||
| REL | |a 1 | ||
| SPR | |a 1 |t IXT |t REL | ||
| STA | 0 | 0 | |a Deutschland (boat, 1866-1875),Germany,Germany,Germany,Germany,German Federal Republic (motif),Germany,Germany,Germany,Germany,Germany,Germany,Germany,German Democratic Republic,Germany,Federal Republic of Germany,Germany,Germany,Soviet Occupation Zone,French Occupation Zone,History,History,History in art,Jews,Jews,Jew,Jews in literature,Judaism,Judaism,Judaism in literature |
| STB | 0 | 0 | |a Deutschland (bateau, 1866-1875),Allemagne,Allemagne,République fédérale d'Allemagne (motif),Histoire,Histoire,Histoire,Judaïsme,Judaïsme,Juifs,Juifs |
| STC | 0 | 0 | |a Alemania,Alemania,Historia,Historia,Historia,Judaísmo,Judaísmo,Judíos,Judíos,Judíos |
| STD | 0 | 0 | |a Ebraismo,Ebraismo,Ebrei,Ebrei,Germania,Germania,Storia,Storia |
| STE | 0 | 0 | |a 历史,史,德国,德国,犹太人,犹太人,犹太教,犹太教 |
| STF | 0 | 0 | |a 德國,德國,歷史,史,猶太人,猶太人,猶太教,猶太教 |
| STG | 0 | 0 | |a Alemanha,Alemanha,História,História,Judaísmo,Judaísmo,Judeus,Judeus |
| STH | 0 | 0 | |a Германия (ГДР, мотив),Германия (мотив),Евреи (мотив),Евреи,История (мотив),История,Иудаизм (мотив),Иудаизм |
| STI | 0 | 0 | |a Γερμανία (ΛΔΓ, μοτίβο),Γερμανία (μοτίβο),Εβραίοι (μοτίβο),Εβραίοι,Ιουδαϊσμός (μοτίβο),Ιουδαϊσμός,Ιστορία (μοτίβο),Ιστορία |
| SUB | |a REL | ||
| SYG | 0 | 0 | |a DDR,Deutsche Demokratische Republik,Germany,Amerikanische Zone Deutschlands,BRD,Britische Zone Deutschlands,Bundesrepublik Deutschland,Französische Zone Deutschlands,Vereinigtes Wirtschaftsgebiet Deutschlands,BRD,Bundesrepublik Deutschland , Vereinigtes Wirtschaftsgebiet,Bizone,Verwaltung des Vereinigten Wirtschaftsgebietes,Französische Zone,Zone Française d'Occupation,Französische Besatzungszone,ZFO,Britische Zone,British occupation zone,Britische Besatzungszone,British Zone of Control,Britisches Kontrollgebiet,British Element,Britisches Element,Sowjetische Zone,Russische Zone,Sowjetische Besatzungszone,Russische Besatzungszone,Sowjetische Besatzungszone Deutschlands,Sowjetische Besatzungszone in Deutschland,Sowjetisch Besetzte Zone,Sowjetzone,Ostzone,SBZ,Länder,Westliche Bundesländer,Alte Bundesländer,Deutschland,Westdeutschland,Deutschland,Westzonen,Westliche Besatzungszonen,Trizone,Amerikanische Zone,American occupation zone,Amerikanische Besatzungszone,ABZ,United States Area of Control,Amerikanisches Kontrollgebiet,U.S. zone of occupation,United States Zone,U.S. Zone,US-Zone,Alemanha,Alemania,Allemagne,Almanija,Almāniyā,Bondsrepubliek Duitsland,BRD,BRD,Bundesrepublik Deutschland,Deutschland,Deutschland,Federal Republic of Germany,Förbundsrepubliken Tyskland,Förbundsrepublikken Tyskland,FRG,Germany,Németországi Szövetségi Kőztársaság,Niemiecka Republika Federalna Niemiecka Republika Federalna,NRF,Repubblica Federale di Germania,Republic of Germany,República Federal da Alemanha,República Federal de Alemania,Republik Federasi Djerman,Republika Federalna Niemiec,République Fédérale d'Allemagne,RFN,Saksan Liittotasavalta,Westdeutschland,Deutsche Demokratische Republik,DDR,Deutschland,German Democratic Republic,GDR,République Démocratique Allemande,RDA,Germanskaja Demokratičeskaja Respublika,Demokratičeskaja Respublika,Democratic Republic,Demokratische Republik,Niemiecka Republika Demokratyczna,NRD,Ǧumhūrīyat Almāniyā ad-Dīmuqrāṭīya,República Democrática Alemana,Saksan Demokraattisen Tasavallan,Repubblica Democratica Tedesca,Mitteldeutschland,Ostdeutschland,East Germany,Ostzone,Deutsche Länder,Germany,Heiliges Römisches Reich,Rheinbund,Deutscher Bund,Norddeutscher Bund,Deutsches Reich,Deutschland,Deutschland,BRD,Federal Republic of Germany,Republic of Germany,Allemagne,Ǧumhūrīyat Almāniyā al-Ittiḥādīya,Bundesrepublik Deutschland,BRD,Niemcy,République Fédérale d'Allemagne,Repubblica Federale di Germania,Germanija,Federativnaja Respublika Germanija,FRG,Deyizhi-Lianbang-Gongheguo,Östliche Bundesländer,Neue Bundesländer,Länder,Deutschland,Ostdeutschland,Deutschland,Deutschland , History,Geschichtliche Epoche,Historical development,Historische Entwicklung,Landesgeschichte,Regionalgeschichte,Ortsgeschichte,Zeitgeschichte , Judaism,Judaismus,Jüdische Religion,Zionism,Zionismus,Jüdische Religion,Judaismus,Jüdische Religion,Judaismus , Jews,Jüdinnen,Jude,Jüdin,Jude |
| TIM | |a 100019901003_100020261231 |b 1990-10-03 - 2026 | ||



